000 00312nam a22001217a 4500
008 160421b xxu||||| |||| 00| 0 eng d
020 _a9780781780322
020 _a07817880322
041 _aeng
080 _a618.2
245 _aIntroductory medical surgical;
_cBarbara K. Timby; Nancy E. Smith;
942 _2udc
_cBK
999 _c1480
_d1480